000 00272nam a2200109Ia 4500
008 201231s9999 xx 000 0 und d
100 _aMorris, Larry
245 0 _aNew Riders' Guide To E-Mail & Messaging
260 _aNew Delhi
_bPrentice Hall
300 _a515
942 _cBK
999 _c9864
_d9864